00993naa a22002657a 4500001001000000003000900010005001700019007000300036008003400039040005400073041000900127072002600136100002000162100002000182100001700202245016400219260004200383500010800425650001200533650002900545650001600574650001500590650001700605773010500622BR7703695BR-BrBNA20240918174017.0ta230509b bl.||||| |||| 00| 0 por d aBR-BrBNAbporcBiblioteca Nacional de Agricultura a(Pt) aF00b0430b3690bG5141 aBuendia, J.P.L.1 aPurcino, A.A.C.1 aFerreira, L.1 aEfeito de doses e epocas de aplicacao de "Chlormequat chloride" (Cycocel)em algodoeiro anual (Gossypium hirsutum)[regulador de crescimento, germinacao, Brasil]3 aBelo Horizonte, MG (Brasil): c1977.  aProjeto algodao. Relatorio anual 1974/75 Belo Horizonte, MG (Brasil): 1977. p. 43-67 (BR7703695-AM)F00  aALGODAO aREGULADOR DE CRESCIMENTO aCRESCIMENTO aGERMINACAO aMINAS GERAIS0 tProjeto algodao. Relatorio anual 1974/75wF00 BR7703695gBelo Horizonte, MG (Brasil), 1977. p. 43-67